Principles and modern applications of mass transfer operations
Gespeichert in:
| 1. Verfasser: | |
|---|---|
| Format: | Buch |
| Sprache: | Englisch |
| Veröffentlicht: |
Hoboken
John Wiley and Sons
2009
|
| Ausgabe: | 2a. ed |
| Schlagworte: | |
| Tags: |
Tag hinzufügen
Keine Tags, Fügen Sie den ersten Tag hinzu!
|
MARC
| LEADER | 00000cam a2200000 a 4500 | ||
|---|---|---|---|
| 001 | UCD5889 | ||
| 003 | CL-VaPUC | ||
| 008 | 161104e20090000us |||||||||||||||||eng|d | ||
| 020 | |a 9780470181782 | ||
| 082 | 0 | 4 | |a 660.284 |b BEN |2 21 |
| 100 | 0 | |a Benítez, Jaime |e author |9 589687 | |
| 245 | 1 | 0 | |a Principles and modern applications of mass transfer operations |
| 250 | |a 2a. ed | ||
| 300 | |a 620 p | ||
| 942 | |c BK | ||
| 945 | |d 20161104 11:00:00 |a dcastane | ||
| 260 | |a Hoboken |b John Wiley and Sons |c 2009 | ||
| 650 | 0 | |a Química |9 259896 | |
| 650 | 0 | |a Reacciones químicas |9 259438 | |
| 650 | 0 | |a Mecánica de fluidos |9 259464 | |
| 650 | 7 | |a MECANICA DE GASES |2 CL-VaPUC |9 360152 | |
| 650 | 0 | |a Termodinámica |9 259320 | |
| 583 | |a last modification |c 20161104 11:00:00 |k Rodrigo Vera | ||
| 999 | |c 366426 |d 366424 | ||
| 952 | |0 0 |1 0 |2 ddc |3 erd |4 0 |6 660_284000000000000_BEN_2009 |7 0 |8 A |9 480659 |a BIBING |b BIBING |c RES |i 5346266 |o 660.284 BEN 2009 |p 5346266 |r 2025-01-20 |w 2019-11-24 |y BK |z Catalogado en:20161104 |k EIQ | ||
| 952 | |0 0 |1 0 |2 ddc |3 erd |4 0 |6 660_284000000000000_BEN_2009 |7 0 |8 A |9 480660 |a BIBING |b BIBING |c RES |i 5347955 |o 660.284 BEN 2009 |p 5347955 |r 2025-01-20 |w 2019-11-24 |y BK |z Catalogado en:20161118 |k EIQ | ||
| 952 | |0 0 |1 0 |2 ddc |3 erd |4 0 |6 660_284000000000000_BEN_2009 |7 0 |8 A |9 480661 |a BIBING |b BIBING |c RES |i 5418992 |o 660.284 BEN 2009 |p 5418992 |r 2025-01-20 |w 2019-11-24 |y BK |z Catalogado en:20170825 |k EIQ | ||
| 952 | |0 0 |1 0 |2 ddc |3 erd |4 0 |6 660_284000000000000_BEN_2009 |7 0 |8 A |9 480662 |a BIBING |b BIBING |c RES |i 5418984 |o 660.284 BEN 2009 |p 5418984 |r 2025-01-20 |w 2019-11-24 |y BK |z Catalogado en:20170825 |k EIQ | ||
| 952 | |0 0 |1 0 |2 ddc |3 erd |4 0 |6 660_284000000000000_BEN_2009 |7 0 |8 A |9 480663 |a BIBING |b BIBING |c RES |i 5426413 |o 660.284 BEN 2009 |p 5426413 |r 2025-01-20 |w 2019-11-24 |y BK |z Catalogado en:20170929 |k EIQ | ||